Finanzas operativas : un coloquio /
-д хадгалсан:
| Үндсэн зохиолч: | |
|---|---|
| Бусад зохиолчид: | |
| Формат: | Ном |
| Хэл сонгох: | испани |
| Хэвлэсэн: |
México :
IPADE,
2005, c2005
|
| Нөхцлүүд: | |
| Шошгууд: |
Шошго байхгүй, Энэхүү баримтыг шошголох эхний хүн болох!
|
MARC
| LEADER | 00000nam^a2200000^a^4500 | ||
|---|---|---|---|
| 001 | 000189822 | ||
| 005 | 20250521000000.0 | ||
| 009 | 20260310102425.991 | ||
| 020 | |a 968-7571-07-1 | ||
| 037 | |a Acervo ITESO - Biblioteca | ||
| 041 | |a ESP | ||
| 082 | |a 658. 15 |b DUA | ||
| 100 | |a Duarte Schlageter, Javier |e (autor) | ||
| 245 | 1 | 0 | |a Finanzas operativas : |b un coloquio / |c J. Duarte Schlageter, L. Fernández Alonso. |
| 264 | 4 | |a México : |b IPADE, |c 2005, c2005 | |
| 300 | |a X, 128 p. | ||
| 336 | |a texto |b txt |2 rdacontenido | ||
| 337 | |a sin mediación |b n |2 rdamedio | ||
| 338 | |a volumen |b nc |2 rdasoporte | ||
| 649 | |a XX | ||
| 650 | |a Inversiones | ||
| 650 | |a Ventas | ||
| 650 | |a Cuentas por Cobrar | ||
| 650 | |a Balance General | ||
| 650 | |a Estados Financieros | ||
| 650 | |a Contabilidad Financiera | ||
| 650 | |a Indicadores Económicos | ||
| 650 | |a Planeación Económica | ||
| 650 | |a Finanzas - |x Tema Principal | ||
| 650 | |a Economía | ||
| 650 | |a Administración Financiera | ||
| 650 | |a Ciencias Administrativas | ||
| 700 | |a Fernández Alonso, Lorenzo |e (autor) | ||
| 910 | |a Fondo General | ||
| 920 | |a Impresos - Libros | ||
| 930 | |a Colección General | ||
| 905 | |a 101 | ||
| 901 | |a 0500132909 |b IT1 |c ACC |u 20250521 | ||
| 902 | |a https://opac.biblio.iteso.mx/vufind/Record/000189822 | ||